Irrigation and Hydraulic Structures : Theory,Design and Practice / (Record no. 1594)

000 -LEADER
fixed length control field 00332 a2200109 4500
082 ## - DEWEY DECIMAL CLASSIFICATION NUMBER
Classification number 627.52 ALI
100 ## - MAIN ENTRY--PERSONAL NAME
Personal name Dr.Iqbal Ali
245 ## - TITLE STATEMENT
Title Irrigation and Hydraulic Structures : Theory,Design and Practice /
Statement of responsibility, etc. Dr. Iqbal Ali
250 ## - EDITION STATEMENT
Edition statement 3rd.ed.
260 ## - PUBLICATION, DISTRIBUTION, ETC.
Place of publication, distribution, etc. Lahore :
Date of publication, distribution, etc. Allied Book Company,
Name of publisher, distributor, etc. 2007
300 ## - PHYSICAL DESCRIPTION
Extent 506p. :
Other physical details ill . ;
Dimensions 25cm
650 ## - SUBJECT ADDED ENTRY--TOPICAL TERM
Topical term or geographic name entry element hydraulic structure
Holdings
Withdrawn status Lost status Damaged status Not for loan Permanent Location Current Location Shelving location Date acquired Total Checkouts Total Renewals Full call number Barcode Checked out Date last seen Date last checked out Price effective from Koha item type Source of classification or shelving scheme
        School of Civil and Environmental Engineering (SCEE) School of Civil and Environmental Engineering (SCEE)     1 2 627.52 ALI NIT-3689 09/26/2021 11/06/2019 11/06/2019 01/05/2017 Book  
        School of Civil and Environmental Engineering (SCEE) School of Civil and Environmental Engineering (SCEE)   04/22/2025     627.52 ALI NIT-13779   04/22/2025   04/22/2025    
© 2023 Central Library, National University of Sciences and Technology. All Rights Reserved.